00792nam a2200241Ia 450000100060000000300090000600800410001504000130005604000130006904100130008210000190009510000290011424500430014324500360018625000110022226000100023326000200024326000490026330000570031250001340036965000160050365000310051918385IT-RoPAU130308s9999 xx 000 0 und d aIT-RoPAU cIT-RoPAU aFRANCESE aGardin Bernard gCodice Aut. SPICS: 6266 aDiscours patronal et discours syndical bTypologie Du Discours Politique a1a ed. aPARIS bDidier/Larousse c1976 [1° Ed.:1976 - Ed.Ling.Originale:1976] a"34 p. (prefazione: no ; testo: 34 [pagine: 13-46])" aDiscorso Patronale e Discorso sindacale interviste Sul Discorso Patronale Connotazioni Autonimiche Discorso sindacale e Polemiche aLINGUISTICA eCodice materia Spics: 3201